| 000 | 00627nam a22001937a 4500 | ||
|---|---|---|---|
| 999 |
_c192371 _d192371 |
||
| 005 | 20220920121806.0 | ||
| 010 | _aUR-11729 | ||
| 020 |
_a9789392496516 _c200.00 |
||
| 035 | _aU-10284 | ||
| 037 |
_bDBAD/PUB _a- |
||
| 082 | _a841 | ||
| 100 | _aندیم مرزا | ||
| 245 |
_aجمال ندیم : _bشعری مجموع / _cندیم مرزا _hا ر د و |
||
| 246 |
_aJamaal-E-Nadeem / _bby Nadeem Mirza |
||
| 260 |
_aNew Delhi _bEducational Publishing House _c2021 ء |
||
| 270 |
_aH.o. D1/16, Ansari Road, Darya Ganj _bNew Delhi _e110002 |
||
| 300 |
_a128 ص _c22cm(pbk) |
||
| 942 |
_2ddc _cUR _h841 _mن د ی |
||